<?xml version="1.0" encoding="UTF-8"?><?xml-stylesheet type="text/xsl" href="static/style.xsl"?><OAI-PMH xmlns="http://www.openarchives.org/OAI/2.0/" xmlns:xsi="http://www.w3.org/2001/XMLSchema-instance" xsi:schemaLocation="http://www.openarchives.org/OAI/2.0/ http://www.openarchives.org/OAI/2.0/OAI-PMH.xsd"><responseDate>2026-04-14T18:32:25Z</responseDate><request verb="GetRecord" identifier="oai:uvadoc.uva.es:10324/72005" metadataPrefix="marc">https://uvadoc.uva.es/oai/request</request><GetRecord><record><header><identifier>oai:uvadoc.uva.es:10324/72005</identifier><datestamp>2025-01-10T09:13:59Z</datestamp><setSpec>com_10324_38</setSpec><setSpec>col_10324_852</setSpec></header><metadata><record xmlns="http://www.loc.gov/MARC21/slim" xmlns:doc="http://www.lyncode.com/xoai" xmlns:xsi="http://www.w3.org/2001/XMLSchema-instance" xmlns:dcterms="http://purl.org/dc/terms/" xsi:schemaLocation="http://www.loc.gov/MARC21/slim http://www.loc.gov/standards/marcxml/schema/MARC21slim.xsd">
<leader>00925njm 22002777a 4500</leader>
<datafield tag="042" ind1=" " ind2=" ">
<subfield code="a">dc</subfield>
</datafield>
<datafield tag="720" ind1=" " ind2=" ">
<subfield code="a">Rodríguez Llorente, Rodrigo</subfield>
<subfield code="e">author</subfield>
</datafield>
<datafield tag="260" ind1=" " ind2=" ">
<subfield code="c">2024</subfield>
</datafield>
<datafield tag="520" ind1=" " ind2=" ">
<subfield code="a">En el presente trabajo se analiza la vida y legado de José Antonio Primo de Rivera, &#xd;
fundador de la Falange Española y autor de numerosas obras. Se inicia el estudio con &#xd;
una exploración del contexto histórico que moldeó su vida, como fue la influencia de su &#xd;
padre, el dictador Miguel Primo de Rivera, y el auge de los Fascismos en Europa. Se hace &#xd;
hincapié en la evolución de sus ideas filosóficas y políticas a lo largo de toda su vida, &#xd;
desde sus inicios como parlamentario hasta sus discursos y comparecencias desde la &#xd;
cárcel.&#xd;
El trabajo se sumerge en los inicios de la Falange y la influencia de José Antonio como &#xd;
fundador, desarrollando su ideología, estructura y estrategias propagandísticas. Se &#xd;
analiza el clima tumultuoso acontecido en España durante las primeras décadas del siglo &#xd;
XX, con el ascenso de los fascismos y el conflicto social que culminó con el estallido de &#xd;
la Guerra Civil. Se detallará el Golpe de Estado y los preparativos de la contienda, &#xd;
narrando los eventos más importantes de los primeros meses. Simultáneamente, se &#xd;
estudiará la detención y juicio de José Antonio, concluyendo con una reflexión sobre el &#xd;
legado del autor y su influencia en la política moderna. Para realizar este proyecto se ha &#xd;
llevado a cabo un análisis de documentos y fuentes primarias, con el objetivo de ofrecer &#xd;
una visión objetiva de un periodo crucial en la historia de España</subfield>
</datafield>
<datafield tag="024" ind2=" " ind1="8">
<subfield code="a">https://uvadoc.uva.es/handle/10324/72005</subfield>
</datafield>
<datafield ind1=" " ind2=" " tag="653">
<subfield code="a">Primo de Rivera, José Antonio (1903-1936) - Pensamiento político y social</subfield>
</datafield>
<datafield tag="245" ind1="0" ind2="0">
<subfield code="a">Luces y sombras: José Antonio Primo de Rivera</subfield>
</datafield>
</record></metadata></record></GetRecord></OAI-PMH>